Govt. of
Madhya Pradesh

Shantiniketan (Record no. 49519)

MARC details
000 -LEADER
fixed length control field 003150000a22001450004500
001 - CONTROL NUMBER
control field 000212
003 - CONTROL NUMBER IDENTIFIER
control field MACL
040 ## - CATALOGING SOURCE
Original cataloging agency MACL
090 ## - LOCALLY ASSIGNED LC-TYPE CALL NUMBER (OCLC); LOCAL CALL NUMBER (RLIN)
-- 212
-- 212
100 ## - MAIN ENTRY--PERSONAL NAME
Personal name Dutt, Sunil K
245 ## - TITLE STATEMENT
Title Shantiniketan
Remainder of title Classic India
Statement of responsibility, etc. Sunil K Dutt
260 ## - PUBLICATION, DISTRIBUTION, ETC. (IMPRINT)
Place of publication, distribution, etc. Rupa &Co,
Date of publication, distribution, etc. 1998
650 ## - SUBJECT ADDED ENTRY--TOPICAL TERM
Topical term or geographic name as entry element Indian History
942 ## - ADDED ENTRY ELEMENTS (KOHA)
Call number prefix 954
Koha item type Library Membar

No items available.